Kāvyaśikṣā. (Record no. 65451)

MARC details
000 -LEADER
fixed length control field 00855cam a22002891 4500
001 - CONTROL NUMBER
control field sa 65007973
003 - CONTROL NUMBER IDENTIFIER
control field DLC
005 - DATE AND TIME OF LATEST TRANSACTION
control field 20260227112152.0
008 - FIXED-LENGTH DATA ELEMENTS--GENERAL INFORMATION
fixed length control field 900222s1964 ii h b 000 0 sano
010 ## - LIBRARY OF CONGRESS CONTROL NUMBER
LC control number sa 65007973
035 ## - SYSTEM CONTROL NUMBER
System control number (OCoLC)21110910
040 ## - CATALOGING SOURCE
Original cataloging agency DLC
Transcribing agency WaU
Modifying agency OCoLC
-- DLC
042 ## - AUTHENTICATION CODE
Authentication code premarc
043 ## - GEOGRAPHIC AREA CODE
Geographic area code a-ii---
050 00 - LIBRARY OF CONGRESS CALL NUMBER
Classification number PK2916
Item number .V55 1964
100 0# - MAIN ENTRY--PERSONAL NAME
Personal name Vinayacandrasūri,
Dates associated with a name active 13th century.
245 10 - TITLE STATEMENT
Title Kāvyaśikṣā.
250 ## - EDITION STATEMENT
Edition statement [1st ed.]
260 ## - PUBLICATION, DISTRIBUTION, ETC.
Date of publication, distribution, etc. [1964]
300 ## - PHYSICAL DESCRIPTION
Extent 23, 197 p.
Other physical details facsim.
Dimensions 25 cm.
440 #0 - SERIES STATEMENT/ADDED ENTRY--TITLE
Title Lalbhai Dalpatbhai series,
Volume/sequential designation no. 3
500 ## - GENERAL NOTE
General note Added t.p. in English.
500 ## - GENERAL NOTE
General note In Sanskrit; pref. and introd. in English.
504 ## - BIBLIOGRAPHY, ETC. NOTE
Bibliography, etc. note Bibliographical footnotes.
650 #0 - SUBJECT ADDED ENTRY--TOPICAL TERM
Topical term or geographic name entry element Sanskrit poetry
General subdivision History and criticism.
700 1# - ADDED ENTRY--PERSONAL NAME
Personal name Śāstrī, Hariprasāda Gaṅgāśaṅkara,
Dates associated with a name 1919-

No items available.

Powered by Koha